000 01037nam0a22002651 4500
001 rc\2776211
005 20250806204823.0
035 _a(NLR Aleph) 006902499
090 _a31101
_c31101
100 _a20110915d1941 u y0rusy50 ca
101 0 _arus
102 _aRU
105 _aa z |||||
200 1 _aНаставление по регулированию движения на шоссейно-грунтовых дорогах
_e(Для всех родов войск)
_fНар. ком. обороны Союза ССР
210 _aМосква
_cВоениздат НКО СССР
_d1941
215 _a68 с.
_cил., табл., черт.
_d17 см.
300 _aНапеч. в Красноярске
740 1 _aСССР
_tВоенные уставы и наставления
_3RU\NLR\AUTH\8810020873
801 0 _aRU
_bNLR
_gpsbo
801 1 _aRU
_bELAR
_2rusmarc
852 _aNLR
_jВ60 Г-2/308
942 _cBOOK
945 _aРоссийская национальная библиотека
980 _aNB
980 _aBV